| 000 | 01176nam a2200397 i 4500 | ||
|---|---|---|---|
| 999 |
_c2518 _d2518 |
||
| 001 | 020922943 | ||
| 003 | UkOxU | ||
| 005 | 20230704153617.0 | ||
| 008 | 170130s2017 enka 001|0|eng|d | ||
| 015 |
_aGBB717583 _2bnb |
||
| 016 | 7 |
_a018214513 _2Uk |
|
| 020 |
_a9781316611708 _qpaperback |
||
| 035 | _a(Uk)018214513 | ||
| 035 | _a(StEdALDL)1/3542360 | ||
| 040 |
_aStDuBDS _beng _erda _cStDuBDS _dUkOxU _dKH8 |
||
| 049 | _aCROBAR | ||
| 082 | 0 | 4 | _a650 STI |
| 100 | 1 |
_aStimpson, Peter, _eauthor. |
|
| 245 | 1 | 0 |
_aCambridge international AS and A Level business : _brevision guide / _cPeter Stimpson and Peter Joyce. |
| 250 | _aSecond edition. | ||
| 264 | 1 |
_aCambridge : _bCambridge University Press, _c2017. |
|
| 264 | 4 | _c©2017 | |
| 300 |
_ax, 283 pages : _billustrations ; _c28 cm |
||
| 336 |
_atext _2rdacontent |
||
| 337 |
_aunmediated _2rdamedia |
||
| 338 |
_avolume _2rdacarrier |
||
| 490 | 1 | _aCompletely Cambridge | |
| 500 | _aIncludes index. | ||
| 521 | 2 | _aAS. | |
| 521 | 2 | _aA-level. | |
| 650 | 0 | _aBusiness. | |
| 650 | 0 |
_aBusiness _vProblems, exercises, etc. |
|
| 700 | 1 |
_aJoyce, Peter, _eauthor. |
|
| 830 | 0 | _aCompletely Cambridge. | |
| 942 |
_2ddc _cTR |
||